LEADER 00986nam a2200229 i 4500 001 000000085702 003 CaOOAMICUS 005 20161024000000.0 008 161024s1959 it u000 u ita u 013 $a57942 040 $aSeMil$bita 100 1 $aPiolanti, Antonio,$c.$0(OLS)http://semarc/name/121 245 10$aDio nel mondo e nell'uomo /$cMons. Antonio Piolanti. 300 $aXII, 853 p. 650 4$aCreazione - Teologia.$0(OLS)http://semarc/subject/2265 650 4$aUomo - Teologia.$0(OLS)http://semarc/subject/5607 773 0 $aPiolanti, Antonio $tTeologia dogmatica.$dRoma [etc.] : Ex officina libraria Desclée & C.-Editori Pontifici $g2$w()3158 850 $aSeMil 852 $aSeMil$W1$xVenegono$y1$m2B VI 367$j49569$B49569$CSeMilBibl$Z2$F53301 $81 961 $aOmaggio: Altro 961 $aRilegatura [Cooperativa Legatoria "Il Borgo", doc. 11/03/2024] 996 $6245$aDio nel mondo e nell'uomo$9(OLS)http://semarc/title/132195 LEADER 01424nam a2200277 i 4500 001 000000100781 003 CaOOAMICUS 005 20151118000000.0 008 151118s2003 it u000 u ita u 013 $a72933 040 $aSeMil$bita 100 1 $aBrambilla, Franco Giulio,$c.$0(OLS)http://semarc/name/13164 245 10$aAntropologia teologica :$bchi è l'uomo perché te ne curi? /$cFranco Giulio Brambilla ; [ don Francesco Scanziani]. 246 04$iTitolo in copertina:$aCorso di antropologia teologica 260 $aVenegono Inferiore :$b[s.n.],$c2003. 300 $a380 p. ;$c30 cm. 500 $aIn copertina : Facoltà Teologica dell'Italia Settentrionale, Sezione del Seminario Arcivescovile di Milano. Anno accademico 2002-2003. 650 4$aDispense scolastiche.$0(OLS)http://semarc/subject/526 650 4$aAntropologia teologica - Studi.$0(OLS)http://semarc/subject/17992 700 1 $aScanziani, Francesco,$d<1968- >.$0(OLS)http://semarc/name/14233 850 $aSeMil 852 $aSeMil$W1$xVenegono$y1$m6X IV 39$j57808$B57808$CSeMilBibl$Z2$F68292 $8B 961 $aOmaggio: Castiglioni don Tommaso 996 $6246$aCorso di antropologia teologica$9(OLS)http://semarc/title/147860 996 $6245$aAntropologia teologica :$bchi è l'uomo perché te ne curi?$9(OLS)http://semarc/title/198180 996 $6260$aVenegono Inferiore :$b[s.n.]$9(OLS)http://semarc/publisher/29885